|
|
|
|
| LEADER |
00847cam a2200229 7i4500 |
| 001 |
0000007147 |
| 005 |
20171109090000.0 |
| 008 |
100728 eng |
| 020 |
|
|
|a 0070577323 (hbk.)
|
| 020 |
|
|
|a 9780070577329 (hbk.)
|
| 090 |
0 |
0 |
|a TD878
|b .B58 1998
|
| 245 |
0 |
0 |
|a Bioremediation principles
|c Juana B. Eweis ... [et al.].
|
| 260 |
|
|
|a Boston:
|b WCB/McGraw-Hill,
|c 1998.
|
| 300 |
|
|
|a xvi, 296 p.:
|b ill.;
|c 25 cm.
|
| 490 |
0 |
|
|a McGraw-Hill series in water resources and environmental engineering
|
| 504 |
|
|
|a Includes bibliographical references and index
|
| 650 |
0 |
0 |
|a Soil remediation
|
| 650 |
0 |
0 |
|a Groundwater --
|x Purification
|
| 650 |
0 |
0 |
|a Bioremediation
|
| 700 |
1 |
|
|a Eweis, Juana B
|
| 997 |
|
|
|a Engineering & Life Sciences, Faculty
|b Engineering, Department
|
| 999 |
|
|
|a 0000000273
|b BOK
|c OPEN SHELF
|e 2nd Floor, Bestari Jaya
|